000 04708nab a2200277 i 4500
003 BR-BrBNA
005 20250915153141.0
008 250915b2021 bl.ar|pooa||| 00| 0 eng |
040 _aBR-BrBNA
_beng
072 _aF63
100 _aIzoton, Kamila Bernardi
100 _aThomaz, Luciana Dias
100 _aGarbin, Mário Luís
100 _aPierre, Patrícia Maria Oliveira
245 _aMeiotic behavior and diploidy in Schinus terebinthifolia (Anacardiaceae)
500 _aPublicação on-line; Bibliography p. 9-11 (72 ref.); 1 table; 3 illus.; Summaries (En, Pt)
520 _a Abstract The genus Schinus (Anacardiaceae) comprises 30 species found in Peru, Bolivia, Chile, Paraguay, Uruguay, Argentina and Brazil. Schinus terebinthifolia (Brazilian pepper tree) is socioeconomically important in the Brazilian state of Espírito Santo. Dried fruit is used as a pepper-like spice and natural populations are exploited. Studies on the meiotic behavior and pollen stainability from an ecological and evolutionary point of view are essential, since they can promote future sustainable management strategies for this species. The objective was to evaluate meiotic behavior and characteristics of pollen grains of individuals from a natural population of S. terebinthifolia localized in the municipality of Vitória, Espírito Santo state, Brazil. Young anthers were squashed in 1% acetocarmine dye to obtain the pollen mother cells. The pollen stainability with 1% acetocarmine, Lugol’s iodine solution and Sudan IV and pollen shape were used to assess the pollen potential viability, cytochemistry and morphology. All individuals had a gametic number of n = 7, a regular meiotic behavior and so the somatic number is 2n = 2x = 14 chromosomes. Median pollen stainability was 94%. Pollen grains are dispersed as monads, 3 - colporate and subspheroidal. The exine has striate-reticulate ornamentation. Pollen grains are starch positive and lipid negative. This is the first report of the occurrence of diploidy for the species. The high pollen stainability is the result of the occurrence of regular meiosis. The presence of starch as pollen reserve can increase the resistance of pollen grains to hostile environments in this species. Key words: Brazilian pepper, diploidy, meiosis, pollen. Resumo O gênero Schinus (Anacardiaceae) compreende aproximadamente 30 espécies sul americanas distribuídas no Peru, Bolívia, Chile, Paraguai, Brasil, Argentina e Uruguai. S. terebinthifolia (pimenta vermelha brasileira) é socioeconomicamente importante no estado do Espírito Santo, Brasil. Populações naturais vêm sendo exploradas devido à coleta não sustentável de frutos e sementes que são utilizados na indústria alimentícia. Estudos sobre o comportamento meiótico e a viabilidade polínica dessa espécie são essenciais sob o ponto de vista ecológico e evolutivo, pois estão relacionadas com o seu sucesso reprodutivo, promovendo estratégias de manejo sustentável. Objetivou-se avaliar o comportamento meiótico e as características polínicas de indivíduos de uma população natural de S. terebinthifolia localizada no município de Vitória-ES (Brasil). Anteras jovens foram esmagadas em carmim acético 1% para a obtenção das células-mãe dos grãos de pólen. A coloração com carmim acético 1%, solução de Lugol e Sudan IV e a forma dos grãos de pólen foram utilizadas para avaliar a viabilidade potencial, a citoquímica e a morfologia polínicas. Todos os indivíduos apresentam um número gamético de n=7 e um comportamento meiótico regular, sugerindo um número cromossômico somático de 2n=2x=14 cromossomos. Viabilidades polínicas de 94%, em média, foram observadas. Os grãos de pólen apresentaram-se dispersos como mônades, tricolporados e subesferoidais com ornamentação estriada-reticulada sendo amido positivos e lipídeo negativos. Esse é o primeiro relato da ocorrência de diploidia para a espécie. As elevadas viabilidades polínicas são resultantes da ocorrência de meiose regular. A presença de amido pode aumentar a resistência dos grãos-de-pólen dessa espécie a ambientes hostis. Palavras-chave: aroeira vermelha, diploidia, meiose, pólen.
650 _aAROEIRA
650 _aMEIOSE
650 _aPÓLEN
650 _aANACARDIACEAE
773 0 _0709
_9357347
_dRio de Janeiro-RJ Jardim Botanico do Rio de Janeiro 1935
_o2025-5311
_tRodriguésia (Brazil)
_x0370-6583; 2175-7860 on-line
_gv. 72 p. 1-11; (2021)
_wBR2025002289
856 _uhttps://www.scielo.br/j/rod/a/ZYz63CZxXwWRBV7pBytDk4r/?format=pdf&lang=en
942 _cANA
999 _c338182
_d338182